000 01290nam a2200325 i 4500
001 000045406
003 DO-SdBNP
005 20250410144030.0
007 ta
008 150306s2015 dr a 000 0 spa d
020 _a9789945457438
040 _aDO-SdBNP
_bspa
_cBNPHU
_erda
082 4 _a926.1
_bM896n
_222
100 1 _a Moscoso Puello, F. E.,
_q(Francisco Eugenio)
_d1885-1959
_958361
_eautor
245 1 0 _aNavarijo /
_cFrancisco Eugenio Moscoso Puello ; prólogo, Bruno Rosario Candelier.
264 _aSanto Domingo :
_bSociedad Dominicana de Bibliófilos,
_c2015.
300 _a495 páginas :
_bilustraciones, mapas ;
_c22 cm.
336 _2rdacontent
_atexto
_btxt
337 _2rdamedia
_asin mediación
_bn
338 _2rdacarrier
_avolumen
_bnc
490 _aClásicos bibliófilos
_v9
500 _aIncluye referencias bibliográficas y notas al pie de las páginas
500 _aIncluye datos biográficos del autor en la solapa de la contracubierta.
590 _aInventariado, 2024/BT
600 1 4 _a Moscoso Puello, F. E.,
_q (Francisco Eujenio)
_d1885-1959
_958361
650 4 _aMedicos
_zRepública Dominicana
_vBiografías
_973452
700 1 _aRosario Candelier, Bruno,
_d1941-
_eprólogo
_9851
910 _aValidado. Control de calidad MFF
942 _2ddc
_cLBS1
999 _c44895
_d44895